| 000 | 00569nam a2200193 i 4500 | ||
|---|---|---|---|
| 001 | bg | ||
| 245 | 0 |
_aJak założyć i prowadzić małą-średnią mleczarnię / _cTadeusz Kiczuk ; Min. Przemysłu i Handlu. |
|
| 260 |
_aWarszawa : _bIMS, _c1995. |
||
| 300 |
_a196 s. : _b1 fot., rys. ; _c21 cm. |
||
| 490 | 1 | _aMałe firmy / Cz. 2 | |
| 650 | 9 |
_aMleczarstwo _xurządzenia |
|
| 710 | _aInstytut Maszyn Spożywczych | ||
| 830 | 0 | _aMałe firmy (Cz. 2) | |
| 040 | _cBPK | ||
| 041 | _apl | ||
| 080 | _a637.1 | ||
| 942 | _cKA | ||
| 008 | s pl f |000 0 pol | ||
| 999 |
_c24157 _d24157 |
||
| 856 |
_uhttp://koha.tu.koszalin.pl/cgi-bin/koha/opac-detail.pl?biblionumber=24157 _yKatalog online BPK |
||